Documents of the Raj : (Record no. 1161)

MARC details
000 -LEADER
fixed length control field 00714nam a22002297a 4500
003 - CONTROL NUMBER IDENTIFIER
control field BD-DhJNU
005 - DATE AND TIME OF LATEST TRANSACTION
control field 20250123053627.0
008 - FIXED-LENGTH DATA ELEMENTS--GENERAL INFORMATION
fixed length control field 250123b |||||||| |||| 00| 0 eng d
020 ## - INTERNATIONAL STANDARD BOOK NUMBER
International Standard Book Number 978980514474
040 ## - CATALOGING SOURCE
Original cataloging agency BD-DhJNU
Language of cataloging ENG
Transcribing agency BD-DhJNU
Modifying agency BD-DhJNU
082 ## - DEWEY DECIMAL CLASSIFICATION NUMBER
Edition number 23
Classification number 320.954 BEN
245 ## - TITLE STATEMENT
Title Documents of the Raj :
Remainder of title Bengal politics 1936-39 /
Statement of responsibility, etc. edited by Enayetur Rahim and Joyce L. Rahim
260 ## - PUBLICATION, DISTRIBUTION, ETC.
Place of publication, distribution, etc. Dhaka :
Name of publisher, distributor, etc. The University Press,
Date of publication, distribution, etc. 1996.
300 ## - PHYSICAL DESCRIPTION
Extent xiv, 247p. :
Other physical details ill. ;
Dimensions 25 cm
490 ## - SERIES STATEMENT
Volume/sequential designation vol. 1
504 ## - BIBLIOGRAPHY, ETC. NOTE
Bibliography, etc. note Includes index
650 ## - SUBJECT ADDED ENTRY--TOPICAL TERM
Topical term or geographic name entry element Political Science
650 ## - SUBJECT ADDED ENTRY--TOPICAL TERM
Topical term or geographic name entry element Public Administration
700 ## - ADDED ENTRY--PERSONAL NAME
Personal name Rahim, Enayetur
Relator term editor
700 ## - ADDED ENTRY--PERSONAL NAME
Personal name Rahim, Joyce L.
Relator term editor
942 ## - ADDED ENTRY ELEMENTS (KOHA)
Source of classification or shelving scheme Dewey Decimal Classification
Koha item type Books
Suppress in OPAC No
Holdings
Withdrawn status Lost status Source of classification or shelving scheme Damaged status Not for loan Collection Home library Current library Shelving location Date acquired Source of acquisition Total checkouts Full call number Barcode Date last seen Copy number Price effective from Koha item type
    Dewey Decimal Classification     Non-fiction Jagannath University Central Library Jagannath University Central Library General stacks 01/23/2025 Purchased   320.954 BEN JNUCL35221 01/23/2025 1 01/23/2025 Books